000 00351nam a2200145Ia 4500
100 _aHusain K.
650 _aGeneral
942 _cBK
654 _aEngineering
245 _aEngineering Education and Technology : Quest for New Horizon
260 _bDharma Sastha printing
_aBombay
_c1995
300 _a179
546 _aENGLISH
999 _c17865
_d17865